000 00762nam a2200229Ia 4500
003 GCL
008 140319s9999 xx 000 0 ara d
020 _a1714345977
040 _aGCL /
_cGCL
082 0 4 _a796.8153
_bس ك
100 1 _aسميت ، سانيتى
245 1 0 _aالكاراتية /
_cسميت ، سانيتى
250 _aالاولى
260 _aالقاهرة :
_bدار الفاروق للنشر والتوزيع ،
_c2004
300 _a96 ص ؛
_c30 سم
490 _aسلسلة الفنون القتالية
_v0
650 0 4 _aالتدريب الرياضى
650 0 4 _aالكاراتية
650 0 4 _aالكاراتية - تدريب
650 0 4 _aالرياضة البدنية - الجوانب الفنية
942 _2ddc
_cBK
999 _c7233
_d7233